[Event "Etna op 2nd"]
[Site "Nicolosi"]
[Date "2015.12.05"]
[Round "2"]
[White "Baiocchi, Emanuele"]
[Black "Fabiano, Giuseppe"]
[Result "1-0"]
[WhiteElo "2101"]
[BlackElo "2032"]
[PlyCount "83"]
[EventDate "2015.12.04"]
[EventType "swiss"]
[EventRounds "7"]
[EventCountry "ITA"]
[SourceTitle "CBM 170 Extra"]
[Source "ChessBase"]
[SourceDate "2016.02.25"]
[SourceVersion "1"]
[SourceVersionDate "2016.02.25"]
[SourceQuality "1"]

1. e4 c5 2. Nf3 g6 3. d4 cxd4 4. Nxd4 Nc6 5. c4 Nf6 6. Nc3 d6 7. Be2 Nxd4 8. Qxd4 Bg7 9. Qd1 0-0 10. Be3 Bd7 11. Bd4 Bc6 12. f3 a5 13. b3 Nd7 14. Bxg7 Kxg7 15. Qd4+ Kg8 16. 0-0 Nc5 17. Rab1 b6 18. f4 e5 19. fxe5 dxe5 20. Qxe5 Qd2 21. Rbd1 Qe3+ 22. Kh1 Rae8 23. Qd4 Qg5 24. Bf3 Re5 25. Rf2 Rfe8 26. Nd5 h5 27. g3 h4 28. gxh4 Qxh4 29. Rg2 Bxd5 30. exd5 Qh3 31. Qg4 Qh6 32. d6 Re1+ 33. Rg1 Rxg1+ 34. Qxg1 Qf4 35. Qg3 Qxg3 36. hxg3 Rd8 37. Bc6 Kg7 38. Kg2 Kf6 39. Kh3 Ke6 40. Re1+ Kxd6 41. Be8 Ne6 42. Rd1+ 1-0

[Event "Etna op 2nd"]
[Site "Nicolosi"]
[Date "2015.12.04"]
[Round "1"]
[White "Santagati, Alessandro"]
[Black "Fabiano, Giuseppe"]
[Result "1-0"]
[WhiteElo "2262"]
[BlackElo "2032"]
[PlyCount "49"]
[EventDate "2015.12.04"]
[EventType "swiss"]
[EventRounds "7"]
[EventCountry "ITA"]
[SourceTitle "CBM 170 Extra"]
[Source "ChessBase"]
[SourceDate "2016.02.25"]
[SourceVersion "1"]
[SourceVersionDate "2016.02.25"]
[SourceQuality "1"]

1. e4 c5 2. Nf3 g6 3. d4 cxd4 4. Nxd4 Nc6 5. Nc3 Bg7 6. Be3 Nf6 7. Bc4 0-0 8. f3 d6 9. Qd2 Bd7 10. 0-0-0 Ne5 11. Bb3 Qa5 12. Kb1 Rfc8 13. h4 Rc5 14. h5 Nxh5 15. g4 Nf6 16. Bh6 Bxh6 17. Qxh6 Rxc3 18. bxc3 Qxc3 19. g5 Nh5 20. Rxh5 gxh5 21. Qxh5 e6 22. Rh1 Qxd4 23. Qxh7+ Kf8 24. Qh8+ Ke7 25. Qf6+ 1-0

[Event "Nicolosi Etna op 1st"]
[Site "Nicolosi"]
[Date "2014.12.07"]
[Round "5"]
[White "Lombardo, Corrado"]
[Black "Fabiano, Giuseppe"]
[Result "0-1"]
[WhiteElo "1855"]
[BlackElo "2015"]
[PlyCount "104"]
[EventDate "2014.12.05"]
[EventType "swiss"]
[EventRounds "7"]
[EventCountry "ITA"]
[SourceTitle "CBM 163 Extra"]
[Source "ChessBase"]
[SourceDate "2014.12.23"]
[SourceVersion "1"]
[SourceVersionDate "2014.12.23"]
[SourceQuality "1"]

1. e4 c5 2. Nf3 a6 3. c4 d6 4. Nc3 e6 5. d4 cxd4 6. Nxd4 Nd7 7. Be2 Ngf6 8. 0-0 b6 9. Be3 Bb7 10. f3 Be7 11. Rc1 0-0 12. Qd2 Re8 13. Rfd1 Qb8 14. Bf1 Bd8 15. Qf2 Bc7 16. g3 h6 17. Bg2 Ne5 18. b3 Qd8 19. h3 Rc8 20. f4 Ned7 21. Kh1 Qe7 22. Rd2 Nc5 23. e5 Nfe4 24. Nxe4 Nxe4 25. Bxe4 Bxe4+ 26. Kh2 dxe5 27. Ne2 exf4 28. Nxf4 Red8 29. Rcd1 Rxd2 30. Rxd2 Rd8 31. Qe1 Bb7 32. Bd4 Qg5 33. Bc3 Rxd2+ 34. Qxd2 Bc6 35. a4 Qf5 36. Qd3 Be4 37. Qe3 Bc6 38. Qd3 Qg5 39. Qd2 Qc5 40. Qe2 Bb7 41. Qd2 Qc6 42. Qg2 Bxf4 43. Qxc6 Bxg3+ 44. Kxg3 Bxc6 45. a5 b5 46. cxb5 Bxb5 47. h4 f6 48. Bd4 Kf7 49. b4 g5 50. hxg5 hxg5 51. Bc5 e5 52. Kg4 Kg6 0-1

[Event "Nicolosi Etna op 1st"]
[Site "Nicolosi"]
[Date "2014.12.06"]
[Round "3"]
[White "Nobile, Stefano"]
[Black "Fabiano, Giuseppe"]
[Result "0-1"]
[WhiteElo "1803"]
[BlackElo "2015"]
[PlyCount "94"]
[EventDate "2014.12.05"]
[EventType "swiss"]
[EventRounds "7"]
[EventCountry "ITA"]
[SourceTitle "CBM 163 Extra"]
[Source "ChessBase"]
[SourceDate "2014.12.23"]
[SourceVersion "1"]
[SourceVersionDate "2014.12.23"]
[SourceQuality "1"]

1. Nf3 c5 2. g3 b6 3. Bg2 Bb7 4. 0-0 Nf6 5. d3 d5 6. Nbd2 e6 7. e4 Nc6 8. e5 Nd7 9. Re1 g5 10. h3 h6 11. c3 Qc7 12. d4 cxd4 13. cxd4 Nb4 14. Re3 Qc2 15. Re1 Qg6 16. Bf1 Nc2 17. Nb3 Nxe1 18. Nxe1 Be7 19. Bd3 Qg7 20. Bd2 0-0 21. Qe2 f6 22. Bb5 Rfd8 23. Nd3 Nf8 24. exf6 Bxf6 25. Ne5 Bxe5 26. dxe5 a6 27. Bd3 d4 28. Rc1 Rd5 29. f4 gxf4 30. Bxf4 Ng6 31. Qg4 Nf8 32. Qxg7+ Kxg7 33. Rc7+ Rd7 34. Rxd7+ Nxd7 35. Nxd4 Bd5 36. a3 Nc5 37. Bc2 a5 38. Kf2 Rb8 39. Ke3 b5 40. g4 b4 41. g5 hxg5 42. Bxg5 b3 43. Bf6+ Kh6 44. Bd1 Na4 45. Bg4 Nxb2 46. Kd2 Nc4+ 47. Kc1 b2+ 0-1

[Event "Amantea op 12th"]
[Site "Amantea"]
[Date "2014.09.07"]
[Round "1"]
[White "Horvath, Jozsef"]
[Black "Fabiano, Giuseppe"]
[Result "1-0"]
[WhiteElo "2514"]
[BlackElo "2042"]
[PlyCount "31"]
[EventDate "2014.09.07"]
[EventType "swiss"]
[EventRounds "9"]
[EventCountry "ITA"]
[SourceTitle "CBM 162 Extra"]
[Source "ChessBase"]
[SourceDate "2014.10.17"]
[SourceVersion "1"]
[SourceVersionDate "2014.10.17"]
[SourceQuality "1"]

1. e4 e5 2. Nf3 d6 3. d4 f5 4. Nc3 exd4 5. Nxd4 fxe4 6. Nxe4 Nf6 7. Bd3 c5 8. Qe2 Nxe4 9. Bxe4 Be7 10. Qh5+ Kf8 11. Bxb7 cxd4 12. Bxa8 Nd7 13. Bf4 Nf6 14. Qb5 a6 15. Qa4 d5 16. 0-0 1-0

[Event "Terre degli Elimi op 5th"]
[Site "Erice"]
[Date "2014.07.22"]
[Round "5"]
[White "De Coninck, Rafael"]
[Black "Fabiano, Giuseppe"]
[Result "1/2-1/2"]
[WhiteElo "2133"]
[BlackElo "2053"]
[PlyCount "108"]
[EventDate "2014.07.19"]
[EventType "swiss"]
[EventRounds "9"]
[EventCountry "ITA"]
[SourceTitle "CBM 161 Extra"]
[Source "ChessBase"]
[SourceDate "2014.08.29"]
[SourceVersion "1"]
[SourceVersionDate "2014.08.29"]
[SourceQuality "1"]

1. d4 d5 2. Nf3 Nc6 3. e3 Bg4 4. Bb5 Qd6 5. c4 dxc4 6. Nbd2 a6 7. Qa4 Bd7 8. Nxc4 Qd5 9. Bxc6 Bxc6 10. Qc2 Nf6 11. Bd2 e6 12. Nce5 Qe4 13. Qxe4 Bxe4 14. Ng5 Bg6 15. h4 Bd6 16. h5 Bf5 17. Ngxf7 0-0 18. Nxd6 cxd6 19. Nc4 Bd3 20. Nb6 Rad8 21. f3 e5 22. Bc3 Rfe8 23. 0-0-0 e4 24. h6 g6 25. d5 Nd7 26. Nxd7 Rxd7 27. Rxd3 exd3 28. Kd2 b5 29. Kxd3 Rc8 30. Rh4 Ra8 31. Ba5 Rc8 32. Re4 Rc1 33. Re8+ Kf7 34. Rh8 Kf6 35. e4 Rg1 36. f4 g5 37. Bd8+ Kg6 38. Bxg5 Rxg2 39. Rg8+ Kf7 40. Rg7+ Ke8 41. Rg8+ Kf7 42. Rh8 Kg6 43. Ra8 Rxb2 44. Rxa6 Kf7 45. e5 dxe5 46. fxe5 Rxd5+ 47. Ke4 Rd1 48. Ra7+ Kg6 49. Be3 Re1 50. Rg7+ Kh5 51. e6 Rxa2 52. e7 Ra8 53. Rxh7 Re8 54. Rg7 Rxe3+ 1/2-1/2

[Event "Terre degli Elimi op 3rd"]
[Site "Erice"]
[Date "2012.07.29"]
[Round "6"]
[White "Fabiano, Giuseppe"]
[Black "Grasso, Gaetano"]
[Result "0-1"]
[WhiteElo "2113"]
[BlackElo "2032"]
[PlyCount "128"]
[EventDate "2012.07.25"]
[EventType "swiss"]
[EventRounds "7"]
[EventCountry "ITA"]
[SourceTitle "EXT 2013"]
[Source "ChessBase"]
[SourceDate "2012.11.22"]
[SourceVersion "1"]
[SourceVersionDate "2012.11.22"]
[SourceQuality "1"]

1. e4 c5 2. Nf3 Nc6 3. c3 d5 4. d3 Bg4 5. Be2 Nf6 6. Nbd2 e6 7. 0-0 Bd6 8. Qc2 0-0 9. Re1 Qc7 10. Nf1 b5 11. Bg5 dxe4 12. dxe4 Bxf3 13. Bxf3 Ne5 14. Be2 Neg4 15. g3 c4 16. h3 Qc5 17. hxg4 Qxg5 18. Kg2 Nxg4 19. Qd1 Rad8 20. Bxg4 Bxg3 21. Qf3 Be5 22. Kh1 b4 23. Re3 bxc3 24. bxc3 Bf4 25. Qg2 Bxe3 26. Nxe3 f5 27. exf5 exf5 28. Be2 Qf6 29. Bxc4+ Kh8 30. Bd5 f4 31. Ng4 Qxc3 32. Rd1 Rf5 33. Qf3 Qc5 34. Ne3 Rf6 35. Ng2 g5 36. Bb3 Rxd1+ 37. Bxd1 Qc6 38. Qxc6 Rxc6 39. Bf3 Rc2 40. Kg1 Rxa2 41. Kf1 Kg7 42. Ne1 Rd2 43. Be4 h5 44. Nd3 Kf6 45. Ke1 Ra2 46. Kf1 a5 47. Ke1 a4 48. Bd5 Ra3 49. Kd2 h4 50. Bg2 Ra2+ 51. Kc3 Ra3+ 52. Kd4 Ra1 53. Bf3 h3 54. Ne5 a3 55. Ng4+ Kf5 56. Kc3 Rb1 57. Nh6+ Kf6 58. Ng4+ Ke7 59. Bd5 Kd6 60. Bf7 Rg1 61. Nh2 Rg2 62. Nf3 g4 63. Bh5 gxf3 64. Bxf3 a2 0-1

[Event "Terre degli Elimi op 3rd"]
[Site "Erice"]
[Date "2012.07.29"]
[Round "7"]
[White "Marzaduri, Marco R"]
[Black "Fabiano, Giuseppe"]
[Result "0-1"]
[WhiteElo "1845"]
[BlackElo "2113"]
[PlyCount "31"]
[EventDate "2012.07.25"]
[EventType "swiss"]
[EventRounds "7"]
[EventCountry "ITA"]
[SourceTitle "EXT 2013"]
[Source "ChessBase"]
[SourceDate "2012.11.22"]
[SourceVersion "1"]
[SourceVersionDate "2012.11.22"]
[SourceQuality "1"]

1. e4 c5 2. d4 cxd4 3. Nf3 a6 4. Nxd4 Nf6 5. Nc3 d6 6. Be2 Nbd7 7. Be3 e6 8. f4 Qc7 9. a4 b6 10. Bf3 Bb7 11. Nb3 Rc8 12. Qd2 Qb8 13. g4 Qa8 14. Qg2 g6 15. g5 Nh5 16. 0-0 0-1

[Event "Terre degli Elimi op 3rd"]
[Site "Erice"]
[Date "2012.07.26"]
[Round "2"]
[White "Fabiano, Giuseppe"]
[Black "Valguarnera, Girolamo"]
[Result "1-0"]
[WhiteElo "2113"]
[BlackElo "2118"]
[PlyCount "71"]
[EventDate "2012.07.25"]
[EventType "swiss"]
[EventRounds "7"]
[EventCountry "ITA"]
[SourceTitle "EXT 2013"]
[Source "ChessBase"]
[SourceDate "2012.11.22"]
[SourceVersion "1"]
[SourceVersionDate "2012.11.22"]
[SourceQuality "1"]

1. e4 e5 2. f4 exf4 3. Bc4 d6 4. d4 Nf6 5. Nc3 c6 6. Qe2 Be7 7. Bxf4 0-0 8. Bd3 Qb6 9. 0-0-0 Qxd4 10. Nf3 Qb4 11. a3 Qa5 12. e5 dxe5 13. Bxe5 Be6 14. Ne4 Nbd7 15. Bc3 Qa4 16. Neg5 Nd5 17. Bxh7+ Kh8 18. Rxd5 cxd5 19. Nxe6 fxe6 20. Qxe6 Rxf3 21. gxf3 Bg5+ 22. f4 Qxf4+ 23. Kb1 Nf8 24. Qxd5 Nxh7 25. Bxg7+ Kxg7 26. Qxb7+ Kh6 27. Qxa8 Qd4 28. Qf3 Bf6 29. c3 Qb6 30. h4 a5 31. Qf4+ Kg7 32. Qg4+ Kf8 33. Rg1 Qb3 34. Qc8+ Ke7 35. Qc7+ Ke6 36. Qxh7 1-0

[Event "Terre degli Elimi op 3rd"]
[Site "Erice"]
[Date "2012.07.25"]
[Round "1"]
[White "Ferro, Ferruccio"]
[Black "Fabiano, Giuseppe"]
[Result "0-1"]
[WhiteElo "1716"]
[BlackElo "2113"]
[PlyCount "34"]
[EventDate "2012.07.25"]
[EventType "swiss"]
[EventRounds "7"]
[EventCountry "ITA"]
[SourceTitle "EXT 2013"]
[Source "ChessBase"]
[SourceDate "2012.11.22"]
[SourceVersion "1"]
[SourceVersionDate "2012.11.22"]
[SourceQuality "1"]

1. b3 Nf6 2. e3 d6 3. Bb2 Nbd7 4. Nf3 g6 5. c4 Bg7 6. d4 0-0 7. Nbd2 e5 8. Bd3 Re8 9. Qc2 Qe7 10. Ng5 h6 11. Nge4 Nxe4 12. Bxe4 exd4 13. 0-0 Nc5 14. exd4 Nxe4 15. Rae1 Bf5 16. Qc1 Qg5 17. f4 Qh5 0-1

[Event "Cutro op-A 16th"]
[Site "Cutro "]
[Date "2010.04.29"]
[Round "6"]
[White "Scalcione, Michelangelo"]
[Black "Fabiano, Giuseppe"]
[Result "1-0"]
[WhiteElo "2378"]
[BlackElo "2221"]
[PlyCount "89"]
[EventDate "2010.04.24"]
[EventType "swiss"]
[EventRounds "9"]
[EventCountry "ITA"]
[SourceTitle "EXT 2012"]
[Source "ChessBase"]
[SourceDate "2011.11.24"]
[SourceVersion "1"]
[SourceVersionDate "2011.11.24"]
[SourceQuality "1"]

1. Nf3 Nf6 2. c4 e6 3. Nc3 Bb4 4. Qc2 d5 5. a3 Bxc3 6. Qxc3 0-0 7. b3 Nc6 8. Bb2 e5 9. cxd5 Nxd5 10. Qc2 Re8 11. e4 Nf4 12. Qc3 Bg4 13. g3 Nd4 14. Nxd4 exd4 15. Qxd4 Qxd4 16. Bxd4 Rxe4+ 17. Be3 Bf3 18. Rg1 Ne6 19. Rc1 Rd8 20. Bg2 Nd4 21. Rxc7 h5 22. Rc4 Bxg2 23. Rxg2 Nf3+ 24. Ke2 Nxd2 25. Rc3 Nb1 26. Rd3 Ree8 27. a4 Rc8 28. Rg1 Nc3+ 29. Kf3 b5 30. Rc1 bxa4 31. Bxa7 g5 32. h3 Rc5 33. Rd4 Ra8 34. Rd7 g4+ 35. hxg4 hxg4+ 36. Kxg4 Ne4 37. Rd4 Nf6+ 38. Kf4 Ng4 39. Bxc5 Ne5 40. Kxe5 Re8+ 41. Kf4 Re2 42. Rdc4 Rxf2+ 43. Ke3 Rg2 44. Rb4 Kg7 45. Rb5 1-0

[Event "Cutro op-A 16th"]
[Site "Cutro "]
[Date "2010.04.25"]
[Round "2"]
[White "Neubauer, Kai"]
[Black "Fabiano, Giuseppe"]
[Result "0-1"]
[WhiteElo "2041"]
[BlackElo "2221"]
[PlyCount "74"]
[EventDate "2010.04.24"]
[EventType "swiss"]
[EventRounds "9"]
[EventCountry "ITA"]
[SourceTitle "EXT 2012"]
[Source "ChessBase"]
[SourceDate "2011.11.24"]
[SourceVersion "1"]
[SourceVersionDate "2011.11.24"]
[SourceQuality "1"]

1. d4 Nf6 2. c4 d6 3. Nc3 Nbd7 4. e4 e5 5. Nf3 g6 6. d5 Bg7 7. Be2 0-0 8. 0-0 h6 9. b4 a5 10. Ba3 Nh5 11. g3 f5 12. Nd2 Nhf6 13. bxa5 Nc5 14. Bxc5 dxc5 15. Qc2 Qe7 16. Nb3 fxe4 17. Nxe4 Nxe4 18. Qxe4 Bf5 19. Qe3 e4 20. Rad1 b6 21. Rfe1 Qd7 22. Bf1 Bg4 23. Be2 Bf5 24. Bf1 Rae8 25. Bg2 Bg4 26. Bxe4 Bf3 27. Qd3 Rxe4 28. Qf1 Bxd1 29. Rxe4 Bxb3 30. axb3 Bd4 31. Re2 bxa5 32. Kg2 Qf5 33. f3 Qd3 34. h4 Qxb3 35. Re6 Qc2+ 36. Kh1 Rb8 37. Re2 Qxe2 0-1

[Event "Amantea op-A 7th"]
[Site "Amantea"]
[Date "2009.09.07"]
[Round "9"]
[White "Fabiano, Giuseppe"]
[Black "Astanovskaya, Yulia"]
[Result "1-0"]
[WhiteElo "2245"]
[BlackElo "1910"]
[PlyCount "87"]
[EventDate "2009.08.31"]
[EventType "swiss"]
[EventRounds "9"]
[EventCountry "ITA"]
[SourceTitle "CBM 132 Extra"]
[Source "ChessBase"]
[SourceDate "2009.11.03"]
[SourceVersion "1"]
[SourceVersionDate "2009.11.03"]
[SourceQuality "1"]

1. c4 e6 2. Nc3 d5 3. d4 c5 4. Nf3 Nc6 5. cxd5 exd5 6. g3 h6 7. Bg2 Nf6 8. 0-0 Be6 9. Bf4 Be7 10. dxc5 Bxc5 11. Na4 Bd6 12. Bxd6 Qxd6 13. Nd4 0-0 14. Rc1 Rac8 15. Nc5 b6 16. Ncxe6 fxe6 17. Nxc6 Rxc6 18. Qa4 Rc7 19. Bh3 Rfc8 20. Rcd1 a5 21. e4 Rc4 22. Qa3 Qxa3 23. Bxe6+ Kf8 24. bxa3 Rd8 25. exd5 Rc5 26. Rd4 Rd6 27. Rfd1 Rc2 28. R1d3 Rxa2 29. Rc4 Re2 30. Rf3 Ke8 31. Rc8+ Rd8 32. Rc7 Rd6 33. Rxg7 Nxd5 34. Bf7+ Kd8 35. Bxd5 Rxd5 36. Rf8+ Re8 37. Rff7 Re1+ 38. Kg2 Ke8 39. Rb7 Kf8 40. Rh7 Kg8 41. Rhc7 Kf8 42. Rxb6 Rd3 43. Rxh6 Kg8 44. Ra6 1-0

[Event "Amantea op-A 7th"]
[Site "Amantea"]
[Date "2009.09.01"]
[Round "2"]
[White "Mrdja, Milan"]
[Black "Fabiano, Giuseppe"]
[Result "1-0"]
[WhiteElo "2418"]
[BlackElo "2245"]
[PlyCount "67"]
[EventDate "2009.08.31"]
[EventType "swiss"]
[EventRounds "9"]
[EventCountry "ITA"]
[SourceTitle "CBM 132 Extra"]
[Source "ChessBase"]
[SourceDate "2009.11.03"]
[SourceVersion "1"]
[SourceVersionDate "2009.11.03"]
[SourceQuality "1"]

1. e4 c5 2. Nf3 d6 3. d4 cxd4 4. Qxd4 a6 5. c4 Nc6 6. Qd2 Nf6 7. Nc3 g6 8. b3 Bg7 9. Bb2 0-0 10. h3 Nd7 11. Be2 Nc5 12. 0-0 Rb8 13. Rfd1 Qa5 14. Qc2 b5 15. cxb5 axb5 16. Nd5 b4 17. Bxg7 Kxg7 18. e5 Nxe5 19. Nxe7 Bb7 20. Qb2 f6 21. Nd5 Ne4 22. Ne3 Nc3 23. Rxd6 Nxe2+ 24. Qxe2 Nxf3+ 25. gxf3 Qe5 26. Rad1 Rf7 27. R1d4 Rc8 28. Qd1 Rcc7 29. f4 Qc5 30. Kh2 Rce7 31. Rc4 Qa5 32. Rd2 Qb6 33. Qg4 f5 34. Qd1 1-0

[Event "Letojanni op 2nd"]
[Site "Letojanni"]
[Date "2002.12.22"]
[Round "3"]
[White "Fabiano, Giuseppe"]
[Black "Rotstein, Arkadij"]
[Result "0-1"]
[WhiteElo "2278"]
[BlackElo "2544"]
[PlyCount "62"]
[EventDate "2002.12.21"]
[EventType "swiss"]
[EventRounds "9"]
[EventCountry "ITA"]
[SourceTitle "EXT 2007"]
[Source "ChessBase"]
[SourceDate "2006.11.23"]
[SourceVersion "1"]
[SourceVersionDate "2006.11.23"]
[SourceQuality "1"]

1. e4 c5 2. Nf3 e6 3. d4 cxd4 4. Nxd4 a6 5. Bd3 g6 6. Nd2 Bg7 7. c3 Ne7 8. 0-0 d5 9. Re1 Nbc6 10. N4f3 Qc7 11. Qe2 dxe4 12. Nxe4 0-0 13. Bg5 f6 14. Bh4 Nf5 15. Bg3 e5 16. Bc4+ Kh8 17. Rad1 Nxg3 18. Nxg3 Bd7 19. Bd5 Ne7 20. Bb3 Rad8 21. Ne4 Bb5 22. c4 Bc6 23. Nc3 Rxd1 24. Rxd1 Rd8 25. Rxd8+ Qxd8 26. Nd5 Nf5 27. g4 Nd6 28. g5 f5 29. h4 e4 30. Ne1 Bxd5 31. cxd5 Qb6 0-1

[Event "UISP-ch 21st"]
[Site "Palermo"]
[Date "2000.??.??"]
[Round "4"]
[White "Fabiano, Giuseppe"]
[Black "Sedina, Elena"]
[Result "0-1"]
[WhiteElo "2300"]
[BlackElo "2405"]
[PlyCount "67"]
[EventDate "2000.12.??"]
[EventType "swiss"]
[EventRounds "7"]
[EventCountry "ITA"]
[SourceTitle "EXT 2005"]
[Source "ChessBase"]
[SourceDate "2004.11.15"]
[SourceVersion "1"]
[SourceVersionDate "2004.11.15"]
[SourceQuality "1"]

1. d4 Nf6 2. Nf3 c5 3. d5 b5 4. c4 g6 5. cxb5 a6 6. b6 d6 7. Nc3 Nbd7 8. e4 Bg7 9. Be2 0-0 10. 0-0 Nxb6 11. Bg5 Rb8 12. Nd2 Ne8 13. Nb3 Bd7 14. Qd2 Nc7 15. Nxc5 dxc5 16. d6 Re8 17. dxc7 Qxc7 18. Bf4 Be5 19. Bxe5 Qxe5 20. Bxa6 Be6 21. Be2 Red8 22. Qc2 Nc4 23. Bxc4 Bxc4 24. Rfd1 Rd4 25. b3 Ba6 26. Rac1 Rbd8 27. Nd5 Rc8 28. Nb6 Rcd8 29. Nd5 Bc8 30. f3 Bb7 31. Ne3 h5 32. Nc4 Qf6 33. Rxd4 cxd4 34. Rd1 0-1

[Event "UISP-ch 21st"]
[Site "Palermo"]
[Date "2000.??.??"]
[Round "2"]
[White "Ottavi, Marco"]
[Black "Fabiano, Giuseppe"]
[Result "0-1"]
[WhiteElo "2065"]
[BlackElo "2300"]
[PlyCount "100"]
[EventDate "2000.12.??"]
[EventType "swiss"]
[EventRounds "7"]
[EventCountry "ITA"]
[SourceTitle "EXT 2005"]
[Source "ChessBase"]
[SourceDate "2004.11.15"]
[SourceVersion "1"]
[SourceVersionDate "2004.11.15"]
[SourceQuality "1"]

1. e4 c5 2. Nf3 d6 3. d4 cxd4 4. Nxd4 Nf6 5. Nc3 a6 6. Bc4 e6 7. Bb3 Nbd7 8. Bg5 Nc5 9. Qe2 Be7 10. 0-0-0 Nfxe4 11. Bxe7 Nxc3 12. Qg4 Qxe7 13. Qxg7 Qf8 14. Qxf8+ Kxf8 15. bxc3 Rg8 16. g3 e5 17. Ne2 Bg4 18. Rhe1 Ne4 19. Rd3 Nxf2 20. Rxd6 Ne4 21. Rb6 Nc5 22. Bd5 Rd8 23. c4 Rg6 24. Rxg6 hxg6 25. Nc3 Re8 26. Ne4 Nxe4 27. Bxe4 Re7 28. Re3 Be6 29. Bd5 Bxd5 30. cxd5 f6 31. c4 Rc7 32. Rc3 Rc5 33. Kc2 Ke7 34. a4 Kd6 35. g4 f5 36. gxf5 gxf5 37. h4 e4 38. Kd2 f4 39. h5 Ke5 40. h6 f3 41. h7 Rc8 42. Rc1 Kd4 43. Rh1 e3+ 44. Ke1 Rh8 45. d6 Kd3 46. d7 f2+ 47. Kf1 Kd2 48. a5 Rf8 49. h8Q e2+ 50. Kg2 f1Q+ 0-1

[Event "Porto San Giorgio op 11th"]
[Site "Porto San Giorgio"]
[Date "1999.08.27"]
[Round "8"]
[White "Ori, Marco"]
[Black "Fabiano, Giuseppe"]
[Result "0-1"]
[WhiteElo "2068"]
[BlackElo "2293"]
[PlyCount "68"]
[EventDate "1999.08.20"]
[EventType "swiss"]
[EventRounds "9"]
[EventCountry "ITA"]
[SourceTitle "EXT 2000"]
[Source "ChessBase"]
[SourceDate "1999.11.16"]
[SourceVersion "1"]
[SourceVersionDate "1999.11.16"]
[SourceQuality "1"]

1. e4 e6 2. d4 d5 3. Nd2 c5 4. exd5 exd5 5. Ngf3 Nf6 6. Bb5+ Nbd7 7. 0-0 Be7 8. dxc5 0-0 9. b4 a5 10. c3 Ne4 11. Bb2 Bf6 12. Qc2 Ne5 13. Nxe5 Bxe5 14. Nf3 Bc7 15. Bd3 Re8 16. Rfd1 Qe7 17. Bb5 Bg4 18. Rd3 Ng5 19. Bxe8 Bxf3 20. Re3 Be4 21. Bb5 Qe5 22. f4 Qxf4 23. Qf2 Qxh2+ 24. Kf1 Bf4 25. Ree1 Bg3 26. Qg1 Qh4 27. Re3 Qg4 28. Bd7 Qf4+ 29. Ke2 Rd8 30. Bb5 axb4 31. Qf1 Qg4+ 32. Kd2 Bf4 33. Be2 Qg3 34. Qg1 bxc3+ 0-1

[Event "Porto San Giorgio op 11th"]
[Site "Porto San Giorgio"]
[Date "1999.08.20"]
[Round "1"]
[White "Fabiano, Giuseppe"]
[Black "Iudicello, Massimo"]
[Result "1-0"]
[WhiteElo "2293"]
[BlackElo "2072"]
[PlyCount "53"]
[EventDate "1999.08.20"]
[EventType "swiss"]
[EventRounds "9"]
[EventCountry "ITA"]
[SourceTitle "EXT 2000"]
[Source "ChessBase"]
[SourceDate "1999.11.16"]
[SourceVersion "1"]
[SourceVersionDate "1999.11.16"]
[SourceQuality "1"]

1. d4 Nf6 2. c4 c5 3. d5 e6 4. Nc3 exd5 5. cxd5 d6 6. g3 g6 7. Bg2 Bg7 8. Nf3 0-0 9. 0-0 a6 10. a4 Nbd7 11. Bf4 Qc7 12. Qb3 Nh5 13. Bd2 Rb8 14. Qc4 Ne5 15. Nxe5 Bxe5 16. f4 Bg7 17. e4 Nf6 18. e5 dxe5 19. fxe5 Ng4 20. e6 Ne5 21. Qh4 fxe6 22. Rxf8+ Bxf8 23. Rf1 Qg7 24. Ne4 Be7 25. Bg5 Bxg5 26. Qxg5 Ng4 27. Qd8+ 1-0

[Event "Montecatini Terme op 8th"]
[Site "Montecatini Terme"]
[Date "1999.08.05"]
[Round "6"]
[White "Fabiano, Giuseppe"]
[Black "Mantovani, Renzo"]
[Result "0-1"]
[WhiteElo "2293"]
[BlackElo "2419"]
[PlyCount "80"]
[EventDate "1999.07.31"]
[EventType "swiss"]
[EventRounds "9"]
[EventCountry "ITA"]
[SourceTitle "EXT 2000"]
[Source "ChessBase"]
[SourceDate "1999.11.16"]
[SourceVersion "1"]
[SourceVersionDate "1999.11.16"]
[SourceQuality "1"]

1. d4 d6 2. c4 e5 3. d5 Be7 4. Nc3 c5 5. g3 a6 6. Bg2 f5 7. e4 Nf6 8. exf5 Bxf5 9. Nf3 0-0 10. 0-0 Ne8 11. Qe2 Nd7 12. Be3 Nc7 13. a4 Qe8 14. Nd2 Qg6 15. Nde4 Ne8 16. Rad1 h6 17. f3 Ndf6 18. Nf2 Nh7 19. g4 Bd7 20. Nfe4 Nef6 21. Ng3 h5 22. h3 h4 23. Nh1 Ne8 24. f4 exf4 25. Bxf4 Rxf4 26. Rxf4 Bf6 27. Nf2 Be5 28. Re4 Ng5 29. Rxe5 dxe5 30. Qxe5 Nd6 31. Qe7 Be8 32. Nce4 Ngxe4 33. Nxe4 Bxa4 34. Rf1 Nxc4 35. Nxc5 Bb5 36. d6 Qxd6 37. Bd5+ Qxd5 38. Ne6 Qe5 39. Qf7+ Kh8 40. g5 Qg3+ 0-1